Obchodné spoločnosti aktuálne otázky a problémy

Salvato in:
Dettagli Bibliografici
Altri autori: Nevolná, Zuzana, Škrinár, Alexander
Natura: Libro
Lingua:slovacco
ceco
Pubblicazione: Plzeň Vydavatelství a nakladatelství Aleš Čeněk 2008
Soggetti:
Tags: Aggiungi Tag
Nessun Tag, puoi essere il primo ad aggiungerne!!

MARC

LEADER 00000nam a2200000 4500
001 0143343
005 20240315114611.2
020 |a 978-80-7380-157-1 
041 0 |a slo 
041 0 |a cze 
044 |a CZ 
245 1 0 |a Obchodné spoločnosti  |b aktuálne otázky a problémy  |c Zuzana Nevolná, Alexander Škrinár (eds.) 
264 1 |a Plzeň  |b Vydavatelství a nakladatelství Aleš Čeněk  |c 2008 
300 |a 301 s. 
500 |a Príspevky odzneli v Smoleniciach na Medzinárodnej konferencii učiteľov z katedier obchodného práva. 
610 2 0 |a spoločnosti obchodné 
610 2 0 |a zodpovednosť organizácie 
610 2 0 |a zodpovednosť právna 
610 2 0 |a zodpovednosť spoločenská 
610 2 0 |a spoločnosti akciové 
610 2 0 |a legislatíva 
610 2 0 |a právo obchodné 
610 2 0 |a Slovensko 
610 2 0 |a Česko 
700 1 |a Nevolná, Zuzana 
700 1 |a Škrinár, Alexander